000 00982nab a2200253 u 4500
001 13517
003 HDC
007 cr bn ---aaaaa
008 210213c xx dr|noo 0 a may d
040 _aHDC
100 _aSiti Fatimah Hassan,
_eauthor
_98078
245 0 _aSebulan label berus babi /
_cby Siti Fatimah Hassan
260 _a[No place] :
_b[publisher not identified],
_c[no date]
336 _atext
_2rdacontent
337 _acomputer
_2rdamedia
338 _aonline resource
_2rdacarrier
650 _aHalal food industry
_zMalaysia
_9218
650 _aProduct safety (Islamic law)
_9195
710 _aMy Metro
856 _zRequest full-text at [email protected]
942 _2lcc
942 _cNEWS
942 _kNWSO 001786
999 _c10833
_d10833